Logo CIB grande

SECURING THE FUTURE OF MANAGEMENT EDUCATION COMPETITIVE DESTRUCTION OR CONSTRUCTIVE INNOVATION (Registro nro. 232819)

Detalles MARC
000 -LEADER
campo de control de longitud fija 00697nam a2200241Ia 4500
005 - FECHA Y HORA DE LA ÚLTIMA TRANSACCIÓN
campo de control 20250425162618.0
008 - DATOS DE LONGITUD FIJA--INFORMACIÓN GENERAL
campo de control de longitud fija 250425s9999 xx 000 0 und d
020 ## - NÚMERO INTERNACIONAL ESTÁNDAR DEL LIBRO
Número Internacional Estándar del Libro 9781783509133
041 ## - CÓDIGO DE IDIOMA
Código de lengua del texto/banda sonora o título independiente eng
082 ## - NÚMERO DE LA CLASIFICACIÓN DECIMAL DEWEY
Número de clasificación 658
010 ## - NÚMERO DE CONTROL DE LA BIBLIOTECA DEL CONGRESO
Número de control de LC 90323
100 ## - ENTRADA PRINCIPAL--NOMBRE DE PERSONA
Nombre de persona HOWARD, THOMAS
245 #0 - MENCIÓN DEL TÍTULO
Título SECURING THE FUTURE OF MANAGEMENT EDUCATION COMPETITIVE DESTRUCTION OR CONSTRUCTIVE INNOVATION
250 ## - MENCION DE EDICION
Mención de edición 11TH ED.
260 ## - PUBLICACIÓN, DISTRIBUCIÓN, ETC.
Lugar de publicación, distribución, etc. Estados Unidos
Nombre del editor, distribuidor, etc. ESPAE: ESCUELA DE POSGRADO EN ADM. DE EMPRESAS
Fecha de publicación, distribución, etc. 2014
260 ## - PUBLICACIÓN, DISTRIBUCIÓN, ETC.
Lugar de publicación, distribución, etc. S.L.
Nombre del editor, distribuidor, etc. EMERALD GROUP PUBLISHING LIMITED
300 ## - DESCRIPCIÓN FÍSICA
Extensión 224
650 ## - PUNTO DE ACCESO ADICIONAL DE MATERIA--TÉRMINO DE MATERIA
Término de materia o nombre geográfico como elemento de entrada EDUCACION
700 ## - ENTRADA AGREGADA--NOMBRE PERSONAL
Nombre de persona ALEXANDER, WILSON
700 ## - ENTRADA AGREGADA--NOMBRE PERSONAL
Nombre de persona LEE, MICHELLE
700 ## - ENTRADA AGREGADA--NOMBRE PERSONAL
Nombre de persona LYNNE, THOMAS
942 ## - ELEMENTOS DE ENTRADA SECUNDARIOS (KOHA)
Tipo de ítem Koha Libros
Existencias
Estatus retirado Estado de pérdida Estado de daño No para préstamo Biblioteca de origen Biblioteca actual Fecha de adquisición Coste, precio normal de compra Total de préstamos Código de barras Copia número
        ESCUELA DE NEGOCIOS ESCUELA DE NEGOCIOS 17/04/2014 5.00   D-P 11942 1

Copyright 2025 ESPOL. Todos los derechos reservados.